000 01776cam a2200397 i 4500
001 19066942
003 OSt
005 20230714145131.0
008 160425s2015 ii a b 001 0 eng
010 _a 2015452392
020 _a9780199451746
020 _a0199451745
040 _aDLC
_beng
_cDLC
_erda
_dDLC
042 _apcc
050 0 0 _aTX928
_b.R34 2015
082 0 0 _a647.068
_223
_bRAG/H
100 1 _aRaghubalan, G.
_eauthor.
_99202
245 1 0 _aHotel housekeeping :
_boperations and management /
_cG. Raghubalan, Hospitality Consultant and Trainer, Smritee Raghubalan, Assistant Professor, Department of Hotel Management, Garden City College, Bengaluru.
250 _aThird edition.
264 1 _aNew Delhi, India :
_bOxford University Press,
_c2015.
300 _axx, 790 pages. :
_billustrations ;
_c25 cm. +
336 _atext
_btxt
_2rdacontent
337 _aunmediated
_bn
_2rdamedia
338 _avolume
_bnc
_2rdacarrier
490 0 _aOxford higher education
500 _aAccompanying DVD contains videos & PowerPoint presentations on different aspects of hotel houskeeping .
504 _aIncludes bibliographical references (page 281) and index.
650 0 _aHotel housekeeping.
700 1 _aRaghubalan, Smritee,
_eauthor.
856 4 2 _3Contributor biographical information
_uhttps://www.loc.gov/catdir/enhancements/fy1614/2015452392-b.html
856 4 2 _3Publisher description
_uhttps://www.loc.gov/catdir/enhancements/fy1614/2015452392-d.html
856 4 1 _3Table of contents only
_uhttps://www.loc.gov/catdir/enhancements/fy1614/2015452392-t.html
906 _a7
_bcbc
_corignew
_d2
_encip
_f20
_gy-gencatlg
942 _2ddc
_cBK
_h647.068
_iRAG//H
_k647.068
_mRAG/H
999 _c41634
_d41634